THE WHITE STORK (CICONIA CICONIA) IN SLOVAKIA IN THE YEAR 1974

Bibliographic Details
Main Author: Stollmann, Andrej, 1932- (Author)
Other Authors: Rybánsky, J. (Translator)
Format: Article
Language:English

MARC

LEADER 00000nab a2200000uu 4500
001 vtls011440979
003 SK-MaSNL
005 20260303123328.0
008 230213|1976 xo |||||||||||||||||eng|
015 |a SNBRB 
035 |a (urnnbn)urn:nbn:sk:snk:ar-002zp2 
035 |a (uuid)0735d8ba-0f17-42b2-9372-c28623f9e9bb 
035 |a urn:nbn:sk:snk-abcfbu 
040 |a SNKBUCL  |b slo  |c SNKBUCL  |e AACR2 
041 0 |a eng 
044 |a xo  |c SK 
100 1 |a Stollmann, Andrej,  |d 1932-  |4 aut  |9 8962 
245 1 0 |a THE WHITE STORK (CICONIA CICONIA) IN SLOVAKIA IN THE YEAR 1974  |c Andrej Štollmann, J. Rybánsky 
700 1 |a Rybánsky, J.  |4 trl  |9 276694 
773 0 |t Biológia : časopis Slovenskej akadémie vied  |g Roč. 31, č. 11 (1976), s. 861-867 
954 |a odborná, vedecká literatúra pôvodná (slovenská)  |2 lita 
958 |a OND 
958 |a EUIPO 
958 |a article16 
999 |c 1925268  |d 1927198